Online
Catalog

Impresiones de viaje. / (Record no. 31396)

MARC details
000 -CABECERA
campo de control de longitud fija 00503nam a2200157 a 4500
001 - NÚMERO DE CONTROL
campo de control 000031905
005 - FECHA Y HORA DE LA ÚLTIMA TRANSACCIÓN
campo de control 20200930063254.0
008 - DATOS DE LONGITUD FIJA--INFORMACIÓN GENERAL
campo de control de longitud fija 110707s1958 dr a r 000 0 spa d
040 ## - FUENTE DE LA CATALOGACIÓN
Centro catalogador/agencia de origen DO-SdBNP
Lengua de catalogación spa
Centro/agencia transcriptor BNPHU
082 ## - NÚMERO DE LA CLASIFICACIÓN DECIMAL DEWEY
Número de clasificación xxxx
Número de documento/Ítem I37
100 1# - ENTRADA PRINCIPAL--NOMBRE DE PERSONA
Nombre de persona Inchaustegui, J. Marino
9 (RLIN) 53793
245 10 - MENCIÓN DE TÍTULO
Título Impresiones de viaje. /
Mención de responsabilidad, etc. J. Marino Inchaustegui.
260 ## - PUBLICACIÓN, DISTRIBUCIÓN, ETC.
Lugar de publicación, distribución, etc. Santa Cruz de Tenerife, Islas Canarias :
Nombre del editor, distribuidor, etc. Litografia A. Romero,
Fecha de publicación, distribución, etc. [1958?].
300 ## - DESCRIPCIÓN FÍSICA
Extensión [28 p.] :
Otras características físicas il. ;
Dimensiones 22 cm.
590 ## - NOTA LOCAL (RLIN)
Nota local Inventariado, 2018/BT
Holdings
Estado de retiro Estado de pérdida No para préstamo Código de colección Localización permanente Ubicación/localización actual Ubicación en estantería Fecha de adquisición Número de inventario Total de préstamos Signatura topográfica completa Código de barras Fecha visto por última vez Precio válido a partir de Tipo de ítem Koha Número de copia Nota pública
    Excluido de préstamo Patrimonio Dominicano Patrimonio Dominicano Patrimonio Dominicano Depósito 07.07.2011 LF1   xxxx I37 31905-10 25.06.2020 25.06.2020 Libro y Folleto Colección Patrimonio Dominicano    
    Excluido de préstamo Patrimonio Dominicano Patrimonio Dominicano Patrimonio Dominicano Depósito 30.08.2018 LF1   xxxx I37 31905-20 25.06.2020 25.06.2020 Libro y Folleto Colección Patrimonio Dominicano e. 2 Perteneció a la biblioteca ersonal de Bárbara Suncar.

Powered by Koha